| 000 | 00863nas a2200253Ia 4500 | ||
|---|---|---|---|
| 001 | R010/67502 | ||
| 003 | IT-RoPAU | ||
| 008 | 151124c99999999xx |||||||||||| ||und|| | ||
| 040 | _aIT-RoPAU | ||
| 040 | _cIT-RoPAU | ||
| 041 | _aITALIANO | ||
| 100 |
_aGubern Roman _gCodice Aut. SPICS: 5725 |
||
| 210 | _aCINEMA NUOVO | ||
| 222 | _aCinema Nuovo | ||
| 245 |
_aCINEMA NUOVO, ANNO 18-N.201 (SETTEMBRE-OTTOBRE 1969) _bAndre' Bazin, Sistema Critico di un Pre-Strutturalista |
||
| 250 | _a1a ed. | ||
| 260 |
_aMILANO _bCINEMA NUOVO _c1969 |
||
| 501 |
_bPaulus - SPICS - Società San Paolo EM (non-commercial uses only) _cCopyright2015 |
||
| 300 | _a8 p. [352-359] | ||
| 362 | _aANNO 018, N.201 (SETTEMBRE-OTTOBRE 1969) | ||
| 500 | _aAmbiguità e Piano Sequenza. Mito del Cinema Cinematografico. | ||
| 650 |
_aCINEMA _vPUBBLICAZIONE PERIODICA |
||
| 942 | _cCR | ||
| 999 |
_c140415 _d140415 |
||